Najpopularniejsze amerykańskie gazety - Statystyki

Ogólne statystyki
  • Ten quiz został rozwiązany 9 razy
  • Średni wynik to 2 z 10
Statystyki odpowiedzi
Subskrybenci Nakład Gazeta % Poprawnych
8.830.000 296.330 The New York Times
100%
2.500.000 135.980 The Washington Post
50%
2.000.000 132.640 USA Today
13%
436.000 82.190 Chicago Tribune
0%
500.000 118.760 Los Angeles Times
0%
100.000 91.928 Minnesota Star Tribune
0%
- 86,850 Newsday
0%
- 135,980 New York Post
0%
254.880 60.500 The Boston Globe
0%
3.170.000 609.650 The Wall Street Journal
0%
Nie znaleziono quizów pasujących do podanych kryteriów
Rozkład punktacji
Procent ludzi z każdym wynikiem
Percentyl według liczby udzielonych odpowiedzi
Twoja historia wyników
Nie rozwiązałeś tego quizu